|
|
|
|
| LEADER |
00000cam a22000004a 4500 |
| 001 |
musev2_74414 |
| 003 |
MdBmJHUP |
| 005 |
20230905051717.0 |
| 006 |
m o d |
| 007 |
cr||||||||nn|n |
| 008 |
160427s1998 mx o 00 0 spa d |
| 020 |
|
|
|a 9786076288061
|
| 020 |
|
|
|z 9789681208455
|
| 035 |
|
|
|a (OCoLC)1055634020
|
| 040 |
|
|
|a MdBmJHUP
|c MdBmJHUP
|
| 245 |
0 |
0 |
|a México ante el fin de la guerra fría /
|c Ilán Bizberg, compilador.
|
| 250 |
|
|
|a 1. ed.
|
| 264 |
|
1 |
|a Mexico, D.F. :
|b Centro de Estudios Internacionales, Colegio de Mexico,
|c 1998.
|
| 264 |
|
3 |
|a Baltimore, Md. :
|b Project MUSE,
|c 2020
|
| 264 |
|
4 |
|c ©1998.
|
| 300 |
|
|
|a 1 online resource.
|
| 336 |
|
|
|a text
|b txt
|2 rdacontent
|
| 337 |
|
|
|a computer
|b c
|2 rdamedia
|
| 338 |
|
|
|a online resource
|b cr
|2 rdacarrier
|
| 505 |
0 |
|
|a La nueva estrategia diplomática de Mexico / Jose Angel Gurría -- Nuevas prioridades de la diplomacia mexicana / Mario Ojeda Gómez -- Principios e intereses de la política exterior de Mexico / Javier Treviño Cantú -- Objetivos e intereses de la política exterior mexicana / Bernardo Sepúlveda Amor -- La construcción histórica de la soberanía y del nacionalismo mexicanos [sic] / Lorenzo Meyer -- Los retos de la soberanía ante la globalización / Francisco Gil Villegas M. -- La utilidad del nacionalismo en el Mexico de hoy / Bernardo Mabire -- Controversias sobre los efectos de la globalización en Mexico / Carlos Alba Vega -- La nueva política de comercio exterior : el TLCAN y la OMC como estrategias complementarias de desarrollo / Gustavo Vega Cánovas -- Mexico y la región Asia-Pacífico / Omar Martínez Legorreta -- La devaluación y la nueva crisis de la deuda externa mexicana de 1995-1996 : la debilidad financiera del TLCAN / Carlos Marichal -- La apertura comercial en riesgo / Jose Romero.
|
| 505 |
0 |
|
|a La protección del medio ambiente en la agenda internacional de Mexico / Blanca Torres -- Estrategias mexicanas de negociación : el caso del narcotráfico / María Celia Toro -- Cuba : un estudio de caso para la política regional de Mexico en la posguerra fría / Ana Covarrubias Velasco -- Economía, demografía y políticas migratorias en la migración mexicana a Estados Unidos / Gustavo Verduzco Igartúa.
|
| 506 |
0 |
|
|a Open Access
|f Unrestricted online access
|2 star
|
| 588 |
|
|
|a Description based on print version record.
|
| 651 |
|
7 |
|a Mexico.
|2 fast
|0 (OCoLC)fst01211700
|
| 651 |
|
6 |
|a Mexique
|x Relations exterieures
|y 1988-2000
|v Congres.
|
| 651 |
|
0 |
|a Mexico
|x Foreign relations
|y 1988-2000
|v Congresses.
|
| 650 |
|
7 |
|a Diplomatic relations.
|2 fast
|0 (OCoLC)fst01907412
|
| 650 |
|
7 |
|a HISTORY
|z Latin America
|z Mexico.
|2 bisacsh
|
| 655 |
|
7 |
|a Conference papers and proceedings.
|2 fast
|0 (OCoLC)fst01423772
|
| 655 |
|
7 |
|a Electronic books.
|2 local
|
| 700 |
1 |
|
|a Bizberg, Ilán.
|
| 710 |
2 |
|
|a Project Muse.
|e distributor
|
| 830 |
|
0 |
|a Book collections on Project MUSE.
|
| 856 |
4 |
0 |
|z Texto completo
|u https://projectmuse.uam.elogim.com/book/74414/
|